Socio-Economic Effectiveness of Distribution System

Na minha lista:
Detalhes bibliográficos
Formato: Livro
Idioma:inglês
Publicado em: Lódz Uniwersytet 1982
Edição:1. wyd.
Colecção:Acta Universitatis Lodziensis 17
Tags: Adicionar Tag
Sem tags, seja o primeiro a adicionar uma tag!

MARC

LEADER 00000nam a2200000 4500
001 c034986
005 20221220100008.5
041 0 |a eng 
044 |a PL 
245 1 0 |a Socio-Economic Effectiveness of Distribution System 
250 |a 1. wyd. 
264 1 |a Lódz  |b Uniwersytet  |c 1982 
300 |a 336 s. 
490 1 |a Acta Universitatis Lodziensis  |v 17 
830 0 |a Acta Universitatis Lodziensis  |v 17